| 000 | 00893nam a2200241 i 4500 | ||
|---|---|---|---|
| 001 | bg | ||
| 100 | 1 |
_aAwrejcewicz, Jan _d(1952- ). |
|
| 245 | 1 | 0 |
_aMechanika / _cJan Awrejcewicz. |
| 260 |
_aWarszawa : _bWydawnictwa Naukowo-Techniczne : _bFundacja "Książka Naukowo-Techniczna", _c2007. |
||
| 300 |
_a580 s. : _brys., wykr. ; _c25 cm. |
||
| 504 | _aBibliogr. przy rozdz. | ||
| 521 | _aDla słuchaczy studiów II stopnia na lierunkach mechanicznych politechnik oraz dla słuchaczystudiów doktoranckich i pracowników naukowych. | ||
| 650 | 9 | _aMechanika | |
| 655 | _aPodręczniki akademickie | ||
| 020 | _a9788392438236 | ||
| 040 | _cBPK | ||
| 041 | 0 | _apol | |
| 080 | _a531/534(075.8) | ||
| 920 | _a978-83-924382-3-6 | ||
| 942 | _cKS | ||
| 008 | s pl f |000 0 pol | ||
| 999 |
_c53480 _d53480 |
||
| 856 |
_uhttp://koha.tu.koszalin.pl/cgi-bin/koha/opac-detail.pl?biblionumber=53480 _yKatalog online BPK |
||